Quizzes
Events
Quiz Creation
Community
Videos
Private Events
Remove Ads
Sign In
Join for FREE
Feedback
Dark Mode
Quiz Categories
Sports
Geography
Music
Movies
Television
Just For Fun
Miscellaneous
History
Literature
Language
Science
Gaming
Entertainment
Religion
Holiday
For Kids
Quiz Lab
Recent
Popular Today
Quiz Kudos Today
Editor Picks
Curator Picks
Quizzes by...
Day
Popularity
Type
Ratings
Length
Year
Community
Subscriptions
Recent Discussions
Orange Saloon
Badges
Playlists
Quests
Create
Leaderboards
Showdown
Live 5
Trivia Bingo
Activity
Puzzle Library
Sporcle Events
Private Events
Virtual Trivia
Globe League
Become a Host
Pub Owners
SporcleCon
Opinionation
Our Games
Videos
Blog
Mobile Apps
Partnerships
Remove Ads and Go Orange
Feedback
Gaming
Video Games
Board Games
Card Games
Pokémon
Mario
Nintendo
Minecraft
Console
Toys
Legend of Zelda
Gaming
Video Games
Board Games
Card Games
Pokémon
Mario
Nintendo
Minecraft
Console
Toys
Legend of Zelda
Random Quiz
Search Sporcle
×
Quiz Lab
Quiz Lab
Gaming
fire
Type in answers that appear in a list
Type in answers that appear in a list
Classic
Best Score? Go Orange.
Bosses in Fire Emblem: Thracia 776 Stats
Can you name the Bosses in Fire Emblem: Thracia 776?
By
FireLeafRuby
12m
56 Questions
42 Plays
42 Plays
42 Plays
Comments
Comments
Give Quiz Kudos
Give Quiz Kudos
-
- Ratings
hide this ad
Replay
Link that replays current quiz
Next Quiz
Link to next quiz in quiz playlist
You Got
0%
They Got
Avg Score
57%
Avg Friend Score
Upgrade to see
Score Distribution
Jump to the score distribution portion of the page
Score
0/56
Timer
12:00
0
Plays Today
Chapter
Answer
% Correct
Undying Oath
Veld
95.2%
Dandrum Fortress
Kempf
92.9%
Norden Line
Kempf
92.9%
The Baron in Black
Raydrik
92.9%
Undying Oath
Eins
92.9%
Across the River
Reinhardt
90.5%
Undying Oath
Funf
85.7%
The Pirate Isles
Lifis
83.3%
Undying Oath
Zwolf
83.3%
Undying Oath
Drei
83.3%
Leonster's Gate
Saias
78.6%
Across the River
Saias
78.6%
Undying Oath
Zwei
78.6%
The Village of Ith
Bucks
73.8%
The First Rain of May
Amalda
73.8%
Remorse and Retaliation
Amalda
73.8%
Dagdar's Mansion
Gomez
71.4%
Noel Canyon
Largo
71.4%
Norden Line
Conomor
71.4%
Remorse and Retaliation
Conomor
71.4%
Undying Oath
Elf
71.4%
The Warrior of Fiana
Weissman
69%
Dandelion
Perne
69%
The Thieves of Dakia
Salem
61.9%
Across the River
Cowen
59.5%
The Shield of Thracia
Aizenau
57.1%
Open Fire
Paulus
57.1%
Remorse and Retaliation
Wolf
57.1%
Chapter
Answer
% Correct
The Child of Light
Barat
57.1%
The Escape
Truman
52.4%
The Thieves of Dakia
Colho
52.4%
The Liberation of Leonster
Gustav
50%
The Two Paths
Zile
47.6%
The Dark Forest
Rinecok
47.6%
Purple Dragon Mountain
Rumei
45.2%
The Emblem of Noba
Merlock
45.2%
The Stronghold
Rist
45.2%
Murder Hollace
Oltof
42.9%
Freedom
Aihiman
42.9%
The Detention Center
Zaom
42.9%
Freedom
Codda
42.9%
Norden Line
Brook
42.9%
Mother and Child
Bandol
40.5%
Noel Canyon
Dobalzark
40.5%
The Liberation Wars
Fraus
40.5%
Leonster's Gate
Mueller
40.5%
The Palace of Evil
Alphan
38.1%
Leonster's Gate
Moore
38.1%
Leonster's Gate
Nicolov
38.1%
The Gate of Kelves
Robos
35.7%
Open Fire
Baldack
35.7%
The Liberation Wars
Seimetol
35.7%
The First Rain of May
Palman
31%
Open Fire
Macloy
11.9%
The Palace of Evil
Fardin
9.5%
The Palace of Evil
Corutta
2.4%
Quiz Playlist
Details
Report
Send in Message
Add To Playlist
Classic:
Type in answers that appear in a list
Last Updated: Aug 11, 2017
Quiz Scoreboard
CHALLENGE
Sign Up to Join the Scoreboard
Show All
Scores
Hide
Comments
May contain spoilers
Recently Published
Billboard Blitz: Fleetwood Mac
by CooCooCachoo
Music
15s
Presidents Visiting Landmarks
by Hejman
History
7m
An Introduction to Baseball
by treessimontrees
Sports
5m
More to Explore
Quiz From the Vault
Featured Blog Post
Where Did the Easter Bunny Come From?
hide this ad
You Might Also Like...
Tags
Chapter
emblem
fire
Fire Emblem
Today's Top Quizzes in Gaming
Browse Gaming
hide this ad
Today's Top Quizzes in fire
Browse fire
Top Contributed Quizzes in Gaming
1
5-to-1: Consoles
2
7-to-1: Board Game Piece Blitz
3
5-to-1: Legend of Zelda
4
Destiny 2 exotic weapons by perk icons
5
League of Legends Pro Players by Career/Team History
6
Ultimate Genshin Impact Logic Puzzle (up to 4.3)
7
Franchise by Action Figure
8
Genshin Impact Logic Puzzle Quiz
9
Who's on the WWE 2K24 Cover?
10
Overwatch Logic Puzzle
Explore More
Trending Topics
Kpop
Anime
Harry Potter
NBA
Crossword
Marvel
Disney
Puzzle
NFL
Song
WWE
Country
Pokémon
The Office
Soccer
hide this ad
More By:
FireLeafRuby
Quiz
Plays
Rating
Category
Featured
Created
Hunter x Hunter, One Piece, JoJo, or Dragon Ball- Arcs
5,902
3.78
Entertainment
Jul 27, 2017
One Piece Arcs by their Villains
1,420
4.20
Entertainment
Jul 27, 2017
How Did They Die- JoJo Edition
1,417
2.17
Entertainment
Jul 20, 2017
One Piece Canon Devil Fruit Users
1,307
4.40
Entertainment
Jul 18, 2017
Pokemon Gym Leader Grab Bag
426
Gaming
Sep 20, 2015
Go to Creator's Profile
Score Distribution
Quiz Creator Spotlight
FireLeafRuby
Follow
Send a Message
Quizzes Created
-
Created Quiz Play Count
-
More By This Creator
Popular Quizzes Today
1
Find the US States - No Outlines Minefield
2
Find the Countries of Europe - No Outlines Minefield
3
The Countries of the World
4
Find the US States
5
Risky Map Clicking: Biggest States A-Z
6
US States
7
Popular People in 1961
8
Movies - When Are They Set?
More Gaming Quizzes
Map of Skyrim Locations
Quiz Lab
Trending Quizzes
Risky Map Clicking: Least Populous States A-Z
1-10 Letter G Words
1-10 Letter F Words
Risky Map Clicking: Next State Alphabetically
Risky Map Clicking: Biggest States A-Z
Recently Updated
Leaping Animals
pecheneg
Reality TV Shows (A-Z)
bhenderson79
Rickey Henderson's Hall of Fame Teammates
pecheneg
Champions League XIs: Arsenal
pecheneg
Quick Pick: Celebrities in WWE's Hall of Fame
aduchscher
A-Z Keypad Blitz II
pecheneg
Multiple Oscar Actors
pecheneg
Mystery Phrase Blitz: Oscar 'Best Actors'
pecheneg
F. Scott Fitzgerald Novels
LTH
Pick 3 Villains
ddd62291
Trending Topics
Crossword
Marvel
Harry Potter
Kpop
Anime
Disney
NBA
WWE
Soccer
Song
Pokémon
NFL
The Office
Country
Puzzle
Your Account Isn't Verified!
In order to create a playlist on Sporcle, you need to verify the email address you used during registration. Go to your
Sporcle Settings
to finish the process.
Report this User
Report this user for behavior that violates our
Community Guidelines
.
Details:
Send Report
Go to the Sporcle.com Mobile Site →
Comments